000 00677cam a2200145 4500500
005 20260208010620.0
041 _afre
042 _adc
100 1 0 _aVaysse, Jean-Marie
_eauthor
245 0 0 _aJ. G. Fichte, Doctrine de la science de 1805, traduction, notes et présentation d’Isabelle Thomas-Fogiel, avec la collaboration pour la traduction d’Anne Gahier et Aurélien Bonin, Paris, Le Cerf, 2006, 228 p.
260 _c2007.
500 _a34
786 0 _nRevue philosophique de la France et de l'étranger | 132 | 2 | 2007-06-01 | p. 201zp-265zp | 0035-3833
856 4 1 _uhttps://shs.cairn.info/revue-philosophique-2007-2-page-201zp?lang=fr&redirect-ssocas=7080
999 _c1657383
_d1657383